[Event "Ruhrgebiet Verbandsklasse Gruppe 3 1819"]
[Site "Nordrheinwestfalen"]
[Date "2019.01.20"]
[Round "5.6"]
[White "Jondral, Luis"]
[Black "Furchtbar, Uwe"]
[Result "0-1"]
[WhiteElo "1637"]
[BlackElo "1778"]
[PlyCount "62"]
[EventDate "2018.09.23"]
[EventType "team-tourn"]
[EventRounds "9"]
[EventCountry "GER"]
[SourceTitle "EXT 2022"]
[Source "ChessBase"]
[SourceDate "2021.10.06"]
[SourceVersion "1"]
[SourceVersionDate "2021.10.06"]
[SourceQuality "1"]
[WhiteTeam "Essen Listiger Bauer"]
[BlackTeam "Ruettenscheid Rochade"]
[WhiteTeamCountry "GER"]
[BlackTeamCountry "GER"]

1. Nf3 Nf6 2. b3 d5 3. Bb2 e6 4. g3 c5 5. d4 b6 6. Bg2 Bb7 7. 0-0 Bd6 8. Nbd2 0-0 9. Ne5 Nbd7 10. Nxd7 Nxd7 11. c4 Qb8 12. e4 cxd4 13. cxd5 e5 14. Nc4 Bc5 15. Kh1 b5 16. Na5 Qc7 17. Nxb7 Qxb7 18. f4 f6 19. f5 Rfc8 20. Rc1 Qa6 21. Ra1 Bb4 22. Qe2 Bc3 23. a4 Bxb2 24. Qxb2 b4 25. Rfd1 Rc3 26. Bf1 d3 27. Rxd3 Rxd3 28. Qe2 Nc5 29. Rc1 Rc3 30. Qxa6 Nxa6 31. Rxc3 bxc3 0-1

[Event "Ruhrgebiet Verbandsklasse Gruppe 3 1718"]
[Site "Germany"]
[Date "2017.10.08"]
[Round "2.6"]
[White "Jondral, Luis"]
[Black "Storp, Thomas"]
[Result "1/2-1/2"]
[WhiteElo "1629"]
[BlackElo "1820"]
[PlyCount "55"]
[EventDate "2017.09.17"]
[EventType "team-tourn"]
[EventRounds "9"]
[EventCountry "GER"]
[SourceTitle "EXT 2022"]
[Source "ChessBase"]
[SourceDate "2021.10.06"]
[SourceVersion "1"]
[SourceVersionDate "2021.10.06"]
[SourceQuality "1"]
[WhiteTeam "Essen Listiger Bauer"]
[BlackTeam "Ruettenscheid Rochade"]
[WhiteTeamCountry "GER"]
[BlackTeamCountry "GER"]

1. Nf3 Nf6 2. g3 e6 3. d4 d5 4. Bg2 Be7 5. 0-0 c5 6. b3 0-0 7. Bb2 Nc6 8. Ne5 cxd4 9. Nxc6 bxc6 10. Bxd4 c5 11. Bb2 Rb8 12. Nd2 Ba6 13. Re1 Bb7 14. e3 Nd7 15. c4 Bf6 16. Qc2 Bxb2 17. Qxb2 Nb6 18. Qc3 dxc4 19. Bxb7 Rxb7 20. Nxc4 Nd5 21. Qd2 Rd7 22. Rad1 Nb6 23. Qe2 Qc7 24. Nxb6 Rxd1 25. Rxd1 axb6 26. Qd3 Rb8 27. Qd7 Qxd7 28. Rxd7 1/2-1/2